[Event "4NCL Division 1a"]
[Site "Hinckley Island ENG"]
[Date "2013.11.16"]
[Round "1.141"]
[White "Zakarian, David"]
[Black "Hawkins, Jonathan"]
[Result "0-1"]
[WhiteElo "2408"]
[BlackElo "2511"]
[PlyCount "86"]
[EventDate "2013.11.16"]
[WhiteTeam "Oxford 1"]
[BlackTeam "Cheddleton 1"]

1. e4 c6 2. d3 d5 3. Nd2 g6 4. Ngf3 Bg7 5. g3 e5 6. Bg2 Ne7 7. O-O O-O 8. b4 a5
9. bxa5 Qxa5 10. Bb2 d4 11. a4 Qc7 12. c3 dxc3 13. Bxc3 Rd8 14. Nc4 Be6 15. Qb1
f6 16. Nb6 Ra6 17. a5 c5 18. Bd2 Nd7 19. Nxd7 Qxd7 20. Rc1 Rd6 21. Rxc5 Rxd3
22. Rb5 Rxf3 23. Bxf3 Qxd2 24. Rxb7 Nc6 25. a6 Bf8 26. Qb2 Bc5 27. Rd1 Qa5 28.
Kg2 Qxa6 29. Be2 Qa8 30. Ra1 Qc8 31. h4 Bd4 32. Qb1 Bxa1 33. Ba6 Bd4 34. Rg7+
Kxg7 35. Bxc8 Rxc8 36. Qb7+ Kg8 37. f3 Bc5 38. g4 Be3 39. h5 gxh5 40. gxh5 Nd4
41. Qe7 Rc2+ 42. Kh1 Rc1+ 43. Kg2 Rg1+ 0-1

[Event "4NCL Division 1a"]
[Site "Hinckley Island ENG"]
[Date "2013.11.16"]
[Round "1.142"]
[White "Colovic, Aleksandar"]
[Black "Tan, Justin"]
[Result "1/2-1/2"]
[WhiteElo "2516"]
[BlackElo "2308"]
[PlyCount "86"]
[EventDate "2013.11.16"]
[WhiteTeam "Cheddleton 1"]
[BlackTeam "Oxford 1"]

1. d4 Nf6 2. c4 e6 3. Nc3 Bb4 4. Nf3 c5 5. g3 cxd4 6. Nxd4 Ne4 7. Bd2 Nxc3 8.
Bxc3 Bxc3+ 9. bxc3 a6 10. Qa4 Nc6 11. Bg2 Qa5 12. Qxa5 Nxa5 13. c5 Ke7 14. O-O
d6 15. Nb3 Nxb3 16. cxd6+ Kxd6 17. axb3 Kc7 18. Ra4 Bd7 19. Rc4+ Bc6 20. Ra1
Rhd8 21. Bxc6 bxc6 22. Rca4 Kb6 23. Rb4+ Kc7 24. Rba4 Kb6 25. Rb4+ Kc7 26. Rh4
h6 27. Rha4 Kb6 28. Rb4+ Kc7 29. Rba4 Kb6 30. Rb4+ Kc7 31. Rg4 g6 32. Rf4 Rd7
33. b4 Kb6 34. Ra5 Rc8 35. Rc5 Rcc7 36. Kg2 Rd5 37. Rfc4 Rxc5 38. Rxc5 Rd7 39.
e4 Ra7 40. Ra5 Rc7 41. Rc5 Ra7 42. Ra5 Rc7 43. Rc5 Ra7 1/2-1/2

[Event "4NCL Division 1a"]
[Site "Hinckley Island ENG"]
[Date "2013.11.16"]
[Round "1.143"]
[White "Savage, Ben DM"]
[Black "Williams, Simon K"]
[Result "0-1"]
[WhiteElo "2269"]
[BlackElo "2455"]
[PlyCount "86"]
[EventDate "2013.11.16"]
[WhiteTeam "Oxford 1"]
[BlackTeam "Cheddleton 1"]

1. Nf3 d6 2. c4 f5 3. g3 Nf6 4. Bg2 e5 5. d3 Be7 6. Nc3 O-O 7. O-O Qe8 8. Ne1
f4 9. e3 fxg3 10. fxg3 c6 11. d4 Be6 12. b3 Bg4 13. Qd3 Qh5 14. a4 Nbd7 15. Ra2
Bh3 16. Raf2 g6 17. Qe2 Bg4 18. Qc2 Kg7 19. Bf3 Bxf3 20. Rxf3 Ng4 21. Rxf8 Rxf8
22. Rxf8 Nxf8 23. d5 Nd7 24. Nd3 Bg5 25. Qe2 Ndf6 26. e4 Bxc1 27. Nxc1 Qh6 28.
Nd3 Nxh2 29. Nf2 Qd2 30. dxc6 Qxc3 31. Kxh2 bxc6 32. Ng4 Nd7 33. Qd1 Qb2+ 34.
Kh3 h5 35. Nh2 Qd4 36. Qxd4 exd4 37. Nf3 c5 38. Kg2 Ne5 39. Ne1 Kf6 40. Kf2 g5
41. Ke2 h4 42. gxh4 gxh4 43. Kf2 Kg5 0-1

[Event "4NCL Division 1a"]
[Site "Hinckley Island ENG"]
[Date "2013.11.16"]
[Round "1.144"]
[White "Arkell, Keith CC"]
[Black "Smallbone, Kieran D"]
[Result "1-0"]
[WhiteElo "2437"]
[BlackElo "2218"]
[PlyCount "61"]
[EventDate "2013.11.16"]
[WhiteTeam "Cheddleton 1"]
[BlackTeam "Oxford 1"]

1. Nf3 d5 2. c4 c6 3. d4 Nf6 4. Nc3 dxc4 5. a4 Bg4 6. e3 e5 7. dxe5 Qxd1+ 8.
Nxd1 Ne4 9. Bxc4 Bb4+ 10. Ke2 Nd7 11. h3 Bxf3+ 12. gxf3 Nxe5 13. Bxf7+ Kxf7 14.
fxe4 Rad8 15. Nc3 Nd3 16. f4 Nc5 17. e5 Nb3 18. Rb1 Ke6 19. Ne4 h6 20. h4 Kf5
21. Kf3 Rd3 22. Nf2 Nxc1 23. Rbxc1 Rb3 24. Rcd1 Re8 25. Rhg1 Re7 26. h5 Ke6 27.
Nd3 Kf7 28. f5 c5 29. e6+ Kf6 30. Rg6+ Kxf5 31. e4# 1-0

[Event "4NCL Division 1a"]
[Site "Hinckley Island ENG"]
[Date "2013.11.16"]
[Round "1.146"]
[White "Paci, Cedric"]
[Black "Coleman, James"]
[Result "1/2-1/2"]
[WhiteElo "2339"]
[BlackElo "2127"]
[PlyCount "50"]
[EventDate "2013.11.16"]
[WhiteTeam "Cheddleton 1"]
[BlackTeam "Oxford 1"]

1. Nf3 Nf6 2. c4 c5 3. Nc3 b6 4. g3 Bb7 5. Bg2 g6 6. O-O Bg7 7. d4 cxd4 8. Qxd4
d6 9. Rd1 Nbd7 10. Be3 Rc8 11. Rac1 a6 12. b3 O-O 13. Qh4 Rc7 14. Bh3 Qb8 15.
g4 e6 16. g5 Ne8 17. Ne4 d5 18. cxd5 Bxd5 19. Ng3 Rxc1 20. Rxc1 Bxf3 21. exf3
Nc7 22. Qc4 Nd5 23. Qxa6 Nxe3 24. fxe3 Qe5 25. Qe2 Qxg5 1/2-1/2

[Event "4NCL Division 1a"]
[Site "Hinckley Island ENG"]
[Date "2013.11.16"]
[Round "1.147"]
[White "Rawlinson, Aidan M"]
[Black "Radovanovic, Jovica"]
[Result "0-1"]
[WhiteElo "2151"]
[BlackElo "2328"]
[PlyCount "58"]
[EventDate "2013.11.16"]
[WhiteTeam "Oxford 1"]
[BlackTeam "Cheddleton 1"]

1. d4 Nf6 2. c4 g6 3. g3 Bg7 4. Bg2 d5 5. cxd5 Nxd5 6. Nf3 O-O 7. O-O Nc6 8.
Nc3 Nb6 9. e3 a5 10. Qe2 Be6 11. Rd1 Bc4 12. Qc2 a4 13. Qe4 e6 14. Bd2 Qe7 15.
Be1 Rfd8 16. Rac1 Nd5 17. Qb1 Ndb4 18. Rd2 e5 19. a3 exd4 20. exd4 Nd5 21. Nxa4
Rxa4 22. b3 Bxb3 23. Qxb3 Nb6 24. Rd3 Rda8 25. d5 Rxa3 26. Qc2 Ra2 27. Qd1 Ne5
28. d6 cxd6 29. Rxd6 Nec4 0-1

[Event "4NCL Division 1a"]
[Site "Hinckley Island ENG"]
[Date "2013.11.16"]
[Round "1.148"]
[White "Steil-Antoni, Fiona"]
[Black "Foster, Chantelle L"]
[Result "1-0"]
[WhiteElo "2185"]
[BlackElo "1879"]
[PlyCount "197"]
[EventDate "2013.11.16"]
[WhiteTeam "Cheddleton 1"]
[BlackTeam "Oxford 1"]

1. e4 c5 2. c3 d5 3. exd5 Qxd5 4. d4 Nf6 5. Nf3 Bg4 6. dxc5 Qxc5 7. Be3 Qd5 8.
Nbd2 Nc6 9. Bc4 Qd7 10. Qb3 e6 11. Rd1 Qc7 12. h3 Bh5 13. g4 Bg6 14. Nd4 a6 15.
g5 Ne4 16. Nxe4 Bxe4 17. Rg1 Bd6 18. Bxe6 O-O 19. Nf5 Bh2 20. Rg4 Bf3 21. Rd7
Qe5 22. Rxf7 Rxf7 23. Bxf7+ Kh8 24. Qe6 Bxg4 25. hxg4 Qxe6 26. Bxe6 Bc7 27. Bd5
Rd8 28. Bxc6 bxc6 29. Bd4 Re8+ 30. Kd2 Be5 31. Be3 Kg8 32. f4 Bc7 33. Kd3 Kf7
34. b4 g6 35. Nd4 Bb6 36. a4 Ba7 37. Nc2 Bb8 38. Na3 Re7 39. Nc4 Ke6 40. a5 Rf7
41. Ke4 Rf8 42. Nb2 Bd6 43. Nd3 Re8 44. Bd4 Rd8 45. Ne1 Rc8 46. Nd3 Rd8 47. f5+
gxf5+ 48. gxf5+ Kf7 49. Be5 Re8 50. Kf4 Bf8 51. Ke4 Rc8 52. c4 Re8 53. c5 Re7
54. Nf4 Rb7 55. Bc3 Re7+ 56. Kd3 Rd7+ 57. Kc4 Be7 58. g6+ hxg6 59. fxg6+ Kg8
60. Ne6 Bh4 61. Nd4 Rc7 62. Nf5 Bg5 63. Be5 Rc8 64. Kd4 Rf8 65. Ke4 Re8 66. Nd6
Rf8 67. Nc4 Bc1 68. Nb6 Rd8 69. Bc3 Re8+ 70. Kd3 Bg5 71. Kc2 Bf4 72. Nd7 Bg5
73. Kb3 Rd8 74. Ne5 Rc8 75. Nf7 Bf4 76. Kc4 Re8 77. Nd6 Re6 78. Nf5 Bg5 79. g7
Bf6 80. Bxf6 Rxf6 81. Nd6 Rf4+ 82. Kb3 Kxg7 83. Ne8+ Kf7 84. Nc7 Rh4 85. Nxa6
Ke7 86. Nb8 Rh8 87. Nxc6+ Kd7 88. Nd4 Kc7 89. Kc4 Rb8 90. b5 Kb7 91. a6+ Ka8
92. b6 Re8 93. b7+ Kb8 94. Nc6+ Kc7 95. b8=Q+ Rxb8 96. Nxb8 Kxb8 97. Kd5 Ka7
98. c6 Kxa6 99. Kd6 1-0